000 00305nam a22001217a 4500
008 180522b xxu||||| |||| 00| 0 eng d
041 _aeng
080 _a043.3
100 _a0
101 _aSHP-BTH
245 _aCold War, US-SOVIET UNION and their respective allies' crisis
_cRexhepi,G
942 _2udc
_cBK
999 _c46168
_d46168